Il caso Elisa P. /

27 luglio 2018. Montesecco, Pisa. Mentre la luna si tinge di rosso nell'eclissi più lunga del secolo Elisa, diciassette anni, sparisce senza lasciare traccia. Si vedeva che era stramba, sibilano due vecchie del paese. La cicciona sarà scappata in una clinica dimagrante, scrivono dei coetanei su What...

詳細記述

保存先:
書誌詳細
第一著者: Cacco, Chiara (著者)
フォーマット: 図書
言語:イタリア語
出版事項: Milano : Pelledoca, ©2024
シリーズ:NeroInchiostro
タグ: タグ追加
タグなし, このレコードへの初めてのタグを付けませんか!

MARC

LEADER 00000nam a22000007i 4500
001 IT\ICCU\MOD\1772438
003 ItRI
005 20260115232057.0
008 240216s2024 it |||||| |||||1|||||c
020 |a 9788832790863 
040 |b ita  |c importazione bologna sebina 
041 7 |a ita  |2 ISO-639-2 
082 |a 853.92  |9 NARRATIVA ITALIANA, 2000-  |2 21 
100 1 |a Cacco, Chiara  |0 IT\ICCU\TO1V\005414  |4 aut 
240 1 3 |a Il caso Elisa P.  |3 IT\ICCU\MOD\1772439  |9 Cacco, Chiara 
245 1 3 |a Il caso Elisa P. /  |c Chiara Cacco. 
260 |a Milano :  |b Pelledoca,  |c ©2024 
300 |a 233 p. ;  |c 21 cm 
520 |a 27 luglio 2018. Montesecco, Pisa. Mentre la luna si tinge di rosso nell'eclissi più lunga del secolo Elisa, diciassette anni, sparisce senza lasciare traccia. Si vedeva che era stramba, sibilano due vecchie del paese. La cicciona sarà scappata in una clinica dimagrante, scrivono dei coetanei su WhatsApp. Allontanamento volontario, sentenziano dalla Procura. Tante voci, nessuna certezza, la stampa ci sguazza. Il giorno dopo la scomparsa, la bicicletta di Elisa viene ritrovata di fronte a un ex convento abbandonato dove, cinque anni prima, un ragazzino era morto durante una prova di coraggio per entrare a far parte di una setta. All'inizio ci si concentra sulla pista legata all'occultismo ma, dopo il ritrovamento di un misterioso biglietto indirizzato alla ragazza, le indagini si spostano su un gruppo di adolescenti della zona che nascondono molti segreti. La domanda resta una: che fine ha fatto davvero Elisa? Età di lettura: da 12 anni. (Fonte: editore) 
830 0 |a NeroInchiostro  |0 IT\ICCU\MOD\1668218 
942 |2 ddc  |c BK  |n 0 
952 |0 0  |1 0  |4 0  |6 R_853_920000000000000_CAC  |7 0  |9 19630  |a BO  |b BO  |d 2026-01-15  |i 21064  |l 0  |o R 853.92 CAC  |p BO21064  |r 2026-01-15 23:20:57  |w 2026-01-15  |x [Sebina 5] [1 v.]  |y BK  |z 1 v. 
999 |c 16731  |d 16731